[Event "23rd EUR-ch"]
[Site "Vrnjacka Banja SRB"]
[Date "2023.03.03"]
[Round "1.56"]
[White "Kadric, Denis"]
[Black "Shoshin, Kirill"]
[Result "1-0"]
[WhiteElo "2583"]
[BlackElo "2278"]
[EventDate "2023.03.03"]
[PlyCount "63"]

1.e4 c5 2.Nc3 Nc6 3.f4 g6 4.Nf3 Bg7 5.a4 a6 6.Be2 e6 7.d3 Nge7 8.O-O b6 9.
Qe1 Bb7 10.Nd1 Nd4 11.Nxd4 cxd4 12.c4 O-O 13.Nf2 f5 14.Bf3 Qc7 15.b3 Rfe8 
16.Bd2 d6 17.Nh3 h6 18.Qh4 b5 19.Rae1 bxc4 20.bxc4 fxe4 21.dxe4 Qxc4 22.
Rc1 Qa2 23.Rc7 Qxd2 24.Rxb7 Nc6 25.e5 Qe3+ 26.Kh1 Qd3 27.Rc1 g5 28.Qh5 Ne7
29.exd6 Nf5 30.Rd1 Qe3 31.Qg6 d3 32.Be4 1-0

[Event "23rd EUR-ch"]
[Site "Vrnjacka Banja SRB"]
[Date "2023.03.03"]
[Round "1.57"]
[White "Rahmanidis, Petros"]
[Black "Lagarde, Maxime"]
[Result "1/2-1/2"]
[WhiteElo "2278"]
[BlackElo "2581"]
[EventDate "2023.03.03"]
[PlyCount "112"]

1.e4 c5 2.Nf3 d6 3.d4 cxd4 4.Nxd4 Nf6 5.Nc3 Nc6 6.Bg5 e6 7.Qd2 a6 8.O-O-O 
Bd7 9.f4 Be7 10.Nf3 b5 11.Bxf6 gxf6 12.f5 Qb6 13.fxe6 fxe6 14.Ne2 Qa5 15.
Qxa5 Nxa5 16.Nf4 Nb7 17.Bd3 Nc5 18.Rhe1 Bf8 19.Kb1 Bh6 20.g3 Ke7 21.Bf1 
Bxf4 22.gxf4 Bc6 23.Nd2 e5 24.fxe5 dxe5 25.Nb3 Nxb3 26.axb3 Rhd8 27.Rxd8 
Rxd8 28.Kc1 Rd4 29.Bd3 f5 30.exf5 Kf6 31.Rf1 Rh4 32.Rf2 e4 33.Bf1 e3 34.
Re2 Rf4 35.Re1 Rxf5 36.Bd3 Rh5 37.Rxe3 Rxh2 38.b4 h5 39.Rg3 Rg2 40.Rxg2 
Bxg2 41.Kd2 Ke5 42.Ke3 h4 43.b3 h3 44.Kf2 Bb7 45.Kg3 Kd4 46.Kxh3 Kc3 47.
Kg3 Kxb4 48.Kf2 Kc3 49.Ke2 Bd5 50.Bf5 a5 51.Kd1 Kb2 52.Bd7 b4 53.Bf5 Bxb3 
54.cxb3 Kxb3 55.Kc1 Ka2 56.Bc2 Ka1 1/2-1/2

[Event "23rd EUR-ch"]
[Site "Vrnjacka Banja SRB"]
[Date "2023.03.03"]
[Round "1.58"]
[White "Lupulescu, Constantin"]
[Black "Levitan, Tal"]
[Result "1-0"]
[WhiteElo "2580"]
[BlackElo "2276"]
[EventDate "2023.03.03"]
[PlyCount "75"]

1.d4 Nf6 2.c4 e6 3.Nc3 Bb4 4.e3 O-O 5.Bd3 d5 6.a3 Bxc3+ 7.bxc3 c6 8.Ne2 b6
9.cxd5 cxd5 10.c4 Ba6 11.cxd5 Bxd3 12.Qxd3 Qxd5 13.O-O Nc6 14.Nf4 Qd7 15.
Bb2 Rfd8 16.Rfd1 Ne7 17.Ne2 Qb7 18.f3 e5 19.e4 exd4 20.Nxd4 Nc6 21.Qe3 
Nxd4 22.Rxd4 Rxd4 23.Qxd4 Qd7 24.Rd1 Rd8 25.Kf2 Qxd4+ 26.Bxd4 Kf8 27.Ke3 
Ke7 28.Bxf6+ gxf6 29.Rxd8 Kxd8 30.Kd4 Kc7 31.Kd5 Kb7 32.f4 b5 33.Kc5 Ka6 
34.g4 Ka5 35.g5 Ka4 36.gxf6 a5 37.e5 b4 38.axb4 1-0

[Event "23rd EUR-ch"]
[Site "Vrnjacka Banja SRB"]
[Date "2023.03.03"]
[Round "1.59"]
[White "Martic, Ivan"]
[Black "Moroni, Luca jr"]
[Result "0-1"]
[WhiteElo "2274"]
[BlackElo "2578"]
[EventDate "2023.03.03"]
[PlyCount "100"]

1.e4 e5 2.Nf3 Nc6 3.d3 Nf6 4.c3 d5 5.Qc2 Be7 6.Be2 O-O 7.b4 a6 8.a3 b5 9.
O-O Bb7 10.Nbd2 a5 11.Rb1 axb4 12.cxb4 Bd6 13.Re1 Nb8 14.Bf1 Nbd7 15.Nb3 
d4 16.Na5 Qb8 17.Nc6 Qc8 18.Nh4 g6 19.g3 Ra6 20.Na5 c5 21.Bd2 cxb4 22.Qxc8
Bxc8 23.axb4 Nb6 24.f4 Ng4 25.Nf3 f6 26.Bh3 Na4 27.Rec1 h5 28.Nh4 Kg7 29.
Nf3 Nc3 30.Bxc3 dxc3 31.f5 gxf5 32.Rxc3 Bxb4 33.Rxb4 Rxa5 34.Rc7+ Kh6 35.
Rb1 Be6 36.Re7 Ra6 37.Nh4 fxe4 38.dxe4 Rb6 39.Rc1 Rf7 40.Nf5+ Kg6 41.Rcc7 
Rxe7 42.Nxe7+ Kg5 43.Bf1 h4 44.Nf5 Bxf5 45.gxh4+ Kxh4 46.exf5 Ne3 47.Bd3 
Kg5 48.Rg7+ Kf4 49.h4 e4 50.Be2 b4 0-1

[Event "23rd EUR-ch"]
[Site "Vrnjacka Banja SRB"]
[Date "2023.03.03"]
[Round "1.60"]
[White "Kobalia, Mikhail"]
[Black "Micic, Aleksa"]
[Result "1-0"]
[WhiteElo "2577"]
[BlackElo "2273"]
[EventDate "2023.03.03"]
[PlyCount "85"]

1.e4 c5 2.Nf3 d6 3.d4 cxd4 4.Qxd4 Nc6 5.Qe3 g6 6.Bc4 Bg7 7.O-O Nf6 8.h3 
O-O 9.Nc3 Nd7 10.Qf4 Nde5 11.Nxe5 Nxe5 12.Bb3 Be6 13.Qh4 Nc6 14.Bg5 Qd7 
15.Rad1 Bxb3 16.axb3 Rac8 17.Nd5 f6 18.Be3 Qe6 19.Rfe1 Rfd8 20.f3 Qf7 21.
Qf2 b6 22.Rd2 f5 23.exf5 Qxf5 24.c3 e6 25.Nf4 d5 26.Ne2 e5 27.Red1 Qf7 28.
b4 Bf6 29.Qe1 d4 30.Bf2 Qc4 31.Ng3 Bg5 32.Rd3 dxc3 33.Rxc3 Qxb4 34.Ne4 Be7
35.Rdc1 Qa4 36.b3 Qb5 37.Bh4 Bb4 38.Bxd8 Rxd8 39.Qh4 Bxc3 40.Rxc3 Rd1+ 41.
Kh2 Rd3 42.Rxc6 Qxc6 43.Qe7 1-0

[Event "23rd EUR-ch"]
[Site "Vrnjacka Banja SRB"]
[Date "2023.03.03"]
[Round "1.61"]
[White "Kojovic, Dragan"]
[Black "Svane, Frederik"]
[Result "0-1"]
[WhiteElo "2272"]
[BlackElo "2577"]
[EventDate "2023.03.03"]
[PlyCount "78"]

1.e4 c5 2.Nc3 Nc6 3.f4 g6 4.Nf3 Bg7 5.Bb5 Nd4 6.Bd3 d6 7.Nxd4 cxd4 8.Ne2 
Nf6 9.O-O O-O 10.Ng3 Bd7 11.Qe2 Bc6 12.c4 a5 13.b3 Nd7 14.Rb1 Nc5 15.a3 
Qd7 16.a4 Rae8 17.Ba3 b6 18.Bc2 e6 19.Rfe1 h5 20.Bxc5 bxc5 21.e5 dxe5 22.
fxe5 Qe7 23.Be4 Bd7 24.Bf3 Qg5 25.Bb7 Rb8 26.Ba6 Bc6 27.Bb5 Ba8 28.Nf1 h4 
29.h3 Bxe5 30.d3 Bf4 31.Rb2 e5 32.Bd7 Rbd8 33.Bg4 f5 34.Bf3 e4 35.dxe4 d3 
36.Qd1 Rfe8 37.e5 d2 38.Bxa8 dxe1=Q 39.Qxe1 Rxa8 0-1

[Event "23rd EUR-ch"]
[Site "Vrnjacka Banja SRB"]
[Date "2023.03.03"]
[Round "1.62"]
[White "Goriachkina, Aleksandra"]
[Black "Dobre, Claudiu-Cristian"]
[Result "1-0"]
[WhiteElo "2576"]
[BlackElo "2271"]
[EventDate "2023.03.03"]
[PlyCount "71"]

1.d4 d5 2.c4 c6 3.Nf3 Nf6 4.Nc3 e6 5.Bg5 Nbd7 6.e3 Qa5 7.Nd2 Bb4 8.Qc2 c5 
9.Nb3 Bxc3+ 10.bxc3 Qa4 11.cxd5 exd5 12.Bxf6 Nxf6 13.dxc5 Be6 14.Bd3 O-O 
15.O-O Rfc8 16.Rfc1 Rc7 17.Rab1 Rb8 18.h3 h6 19.Qe2 Nd7 20.c4 dxc4 21.Bxc4
Bxc4 22.Rxc4 Qa6 23.Qc2 Rbc8 24.Rd1 b6 25.Rd6 Qa3 26.Rg4 Nxc5 27.Rxh6 Nxb3
28.Qh7+ Kf8 29.Qxg7+ Ke8 30.Rh8+ Kd7 31.Qxf7+ Qe7 32.Qf5+ Qe6 33.Rh7+ Kd6 
34.Rg6 Nc5 35.Rxe6+ Nxe6 36.Rh6 1-0

[Event "23rd EUR-ch"]
[Site "Vrnjacka Banja SRB"]
[Date "2023.03.03"]
[Round "1.63"]
[White "Paszewski, Mateusz"]
[Black "Grigoriants, Sergey"]
[Result "1/2-1/2"]
[WhiteElo "2270"]
[BlackElo "2572"]
[EventDate "2023.03.03"]
[PlyCount "34"]

1.e4 e5 2.Nf3 Nc6 3.Bc4 Bc5 4.d3 Nf6 5.Bg5 h6 6.Bh4 d6 7.c3 Bb6 8.Nbd2 Qe7
9.O-O Bg4 10.b4 g5 11.Bg3 Nh5 12.a4 a5 13.b5 Nd8 14.Re1 Nxg3 15.hxg3 h5 
16.d4 h4 17.gxh4 gxh4 1/2-1/2

[Event "23rd EUR-ch"]
[Site "Vrnjacka Banja SRB"]
[Date "2023.03.03"]
[Round "1.64"]
[White "Laurusas, Tomas"]
[Black "Savicevic, Vlatko"]
[Result "1-0"]
[WhiteElo "2571"]
[BlackElo "2268"]
[EventDate "2023.03.03"]
[PlyCount "97"]

1.c4 e6 2.Nc3 d5 3.d4 Be7 4.Nf3 Nf6 5.Bg5 h6 6.Bxf6 Bxf6 7.e3 O-O 8.Rc1 c6
9.h3 Nd7 10.a3 a6 11.cxd5 exd5 12.Bd3 Be7 13.O-O Bd6 14.Na4 Re8 15.Qc2 Nf6
16.Nc5 Qe7 17.Nd2 Bc7 18.Rfe1 b6 19.Na4 Bd7 20.Nf3 Ne4 21.Ne5 Bxe5 22.dxe5
Rab8 23.f4 Nc5 24.Nxc5 bxc5 25.Qxc5 Qxc5 26.Rxc5 Rxb2 27.a4 f6 28.exf6 
gxf6 29.a5 Kf7 30.Bxa6 Ke7 31.Bf1 Kd6 32.Rc3 Ra2 33.a6 Rb8 34.e4 dxe4 35.
Rxe4 Bf5 36.Re2 Ra1 37.Rd2+ Kc7 38.Kf2 Bc8 39.Rg3 Rb4 40.Rg7+ Kb6 41.Be2 
Rxf4+ 42.Kg3 Rb4 43.Rd6 Bxa6 44.Bf3 Bb5 45.Rxf6 Rc1 46.Rxh6 Rd4 47.h4 Ka5 
48.h5 Kb4 49.Rb7 1-0

[Event "23rd EUR-ch"]
[Site "Vrnjacka Banja SRB"]
[Date "2023.03.03"]
[Round "1.65"]
[White "Zverev, Lev"]
[Black "Van Foreest, Lucas"]
[Result "1/2-1/2"]
[WhiteElo "2267"]
[BlackElo "2570"]
[EventDate "2023.03.03"]
[PlyCount "90"]

1.e4 c5 2.Nf3 d6 3.d4 cxd4 4.Nxd4 Nf6 5.f3 e5 6.Nb3 d5 7.Bg5 Be6 8.Bxf6 
gxf6 9.exd5 Qxd5 10.Qxd5 Bxd5 11.Nc3 Be6 12.O-O-O Nc6 13.Nb5 Rc8 14.Kb1 a6
15.Nd6+ Bxd6 16.Rxd6 Ke7 17.Rd2 Nb4 18.Nc1 Rhd8 19.Rxd8 Rxd8 20.a3 Nd5 21.
g3 Ne3 22.Bd3 h5 23.Re1 Nc4 24.Bxc4 Bxc4 25.f4 Ke6 26.b3 Bb5 27.a4 Bc6 28.
Nd3 e4 29.Nf2 f5 30.Kc1 h4 31.Nd1 Rg8 32.Rg1 f6 33.Ne3 Be8 34.Rg2 Bh5 35.
Rg1 Bf3 36.Kb2 Rh8 37.Kc3 hxg3 38.hxg3 Rh2 39.Re1 Bh5 40.Kd4 Be8 41.Rf1 
Rd2+ 42.Kc3 Re2 43.Kd4 Rd2+ 44.Kc3 Re2 45.Kd4 Rd2+ 1/2-1/2

[Event "23rd EUR-ch"]
[Site "Vrnjacka Banja SRB"]
[Date "2023.03.03"]
[Round "1.66"]
[White "Livaic, Leon"]
[Black "Goroskov, Maksim"]
[Result "1-0"]
[WhiteElo "2569"]
[BlackElo "2265"]
[EventDate "2023.03.03"]
[PlyCount "63"]

1.d4 d5 2.c4 e6 3.Nf3 Nf6 4.Nc3 c6 5.g3 Bb4 6.Bg2 Ne4 7.Qc2 Qa5 8.Bd2 Nxd2
9.Nxd2 Bxc3 10.Qxc3 Qxc3 11.bxc3 Nd7 12.a4 a5 13.O-O f5 14.cxd5 exd5 15.c4
dxc4 16.Nxc4 O-O 17.Rfb1 Nf6 18.Rb2 Rd8 19.e3 Ra7 20.Rc1 Be6 21.Ne5 Nd5 
22.Nd3 Bf7 23.Rcb1 b5 24.axb5 cxb5 25.Rxb5 Nc3 26.Rb8 Rf8 27.Rxf8+ Kxf8 
28.Rb8+ Ke7 29.Ne5 Be8 30.Bc6 Bh5 31.Rb3 Ne4 32.Bxe4 1-0

[Event "23rd EUR-ch"]
[Site "Vrnjacka Banja SRB"]
[Date "2023.03.03"]
[Round "1.67"]
[White "Ozsakallioglu, Okan"]
[Black "Mchedlishvili, Mikheil"]
[Result "1/2-1/2"]
[WhiteElo "2264"]
[BlackElo "2569"]
[EventDate "2023.03.03"]
[PlyCount "115"]

1.e4 c5 2.Nf3 e6 3.d4 cxd4 4.Nxd4 Nc6 5.Nc3 Qc7 6.a3 a6 7.Be3 b5 8.Nxc6 
Qxc6 9.Qd4 Bb7 10.Be2 Rc8 11.O-O Nf6 12.Bf3 Bc5 13.Qd3 e5 14.Rad1 O-O 15.
Rfe1 Qb6 16.Rd2 h6 17.Nd1 h5 18.b4 Bxe3 19.Nxe3 Qe6 20.Nf5 Rc4 21.Rde2 g6 
22.Qd2 Rfc8 23.Qh6 Ne8 24.Qg5 R8c7 25.Ne3 Rc3 26.Nd5 Bxd5 27.exd5 Qf6 28.
Qxf6 Nxf6 29.d6 R7c4 30.Rxe5 Rxa3 31.Rc5 Rxb4 32.Rd1 Kg7 33.h3 Raa4 34.Bb7
Ra2 35.Rc7 Rc4 36.Rd2 a5 37.Ba6 Rb4 38.Bc8 Rb1+ 39.Kh2 Rc1 40.Bxd7 Nxd7 
41.Rxd7 Rcxc2 42.Rxc2 Rxc2 43.Rb7 b4 44.Rb5 Rd2 45.Rxa5 Rxd6 46.Rb5 Rd4 
47.Kg3 Rc4 48.Kf3 Rc3+ 49.Kf4 Rb3 50.g3 Rb2 51.f3 b3 52.g4 h4 53.Kg5 f6+ 
54.Kxh4 Rg2 55.f4 b2 56.Rb7+ Kf8 57.g5 f5 58.Rf7+ 1/2-1/2

[Event "23rd EUR-ch"]
[Site "Vrnjacka Banja SRB"]
[Date "2023.03.03"]
[Round "1.68"]
[White "Nesterov, Arseny"]
[Black "Stojanovic, Andjelija"]
[Result "1-0"]
[WhiteElo "2568"]
[BlackElo "2262"]
[EventDate "2023.03.03"]
[PlyCount "77"]

1.d4 d5 2.c4 c6 3.Nf3 Nf6 4.Nc3 dxc4 5.a4 Bf5 6.e3 e6 7.Bxc4 Bb4 8.O-O O-O
9.Qe2 Bg6 10.Ne5 Nbd7 11.Nxg6 hxg6 12.Rd1 Qc7 13.e4 e5 14.d5 Bxc3 15.d6 
Qa5 16.bxc3 b5 17.Ba2 bxa4 18.Qc4 Qb5 19.f3 Nb6 20.Qd3 Qxd3 21.Rxd3 c5 22.
Ba3 Rac8 23.Rb1 Rc6 24.Rb5 c4 25.Rd2 Nfd7 26.Ra5 Ra8 27.Bb1 f6 28.Bc2 Kf7 
29.Bxa4 Nxa4 30.Rxa4 Ke6 31.Rb2 f5 32.Ra5 fxe4 33.fxe4 a6 34.Rb7 Rac8 35.
Ra7 Rb6 36.Bb4 Rxb4 37.cxb4 Kxd6 38.Rd5+ Ke6 39.Raxd7 1-0

[Event "23rd EUR-ch"]
[Site "Vrnjacka Banja SRB"]
[Date "2023.03.03"]
[Round "1.69"]
[White "Taspinar, Yanki"]
[Black "Teclaf, Pawel"]
[Result "0-1"]
[WhiteElo "2262"]
[BlackElo "2568"]
[EventDate "2023.03.03"]
[PlyCount "82"]

1.e4 c6 2.d4 d5 3.Nc3 g6 4.f3 Bg7 5.Be3 Qb6 6.Qd2 Qxb2 7.Rb1 Qa3 8.exd5 
Nf6 9.dxc6 bxc6 10.Bc4 Nbd7 11.Nge2 Nb6 12.Bb3 Ba6 13.Qc1 Qxc1+ 14.Rxc1 
Nfd5 15.Bf2 Nxc3 16.Nxc3 c5 17.Nd5 Rc8 18.c4 cxd4 19.O-O Nxd5 20.cxd5 O-O 
21.Rfe1 Rxc1 22.Rxc1 Rc8 23.Rxc8+ Bxc8 24.Bc4 Be5 25.h3 Bf5 26.Kf1 Bb1 27.
Ke2 Kf8 28.Kd1 g5 29.Kc1 Bg6 30.Kd2 Ke8 31.Bd3 f5 32.g4 Kd7 33.gxf5 Bf7 
34.Be4 Kd6 35.Kd3 Bxd5 36.Bxd5 Kxd5 37.Be1 h5 38.a4 h4 39.Bf2 Bf6 40.Bg1 
a6 41.Bf2 Ke5 0-1

[Event "23rd EUR-ch"]
[Site "Vrnjacka Banja SRB"]
[Date "2023.03.03"]
[Round "1.70"]
[White "Dragnev, Valentin"]
[Black "Parligras, Cosmin"]
[Result "1-0"]
[WhiteElo "2561"]
[BlackElo "2260"]
[EventDate "2023.03.03"]
[PlyCount "47"]

1.e4 c5 2.Nf3 d6 3.d4 cxd4 4.Nxd4 Nf6 5.Nc3 Nc6 6.Bg5 Bd7 7.Qd2 Rc8 8.
O-O-O Nxd4 9.Qxd4 Qa5 10.f4 h6 11.Bxf6 gxf6 12.Kb1 Qc5 13.Qd3 f5 14.exf5 
Bxf5 15.Qg3 e6 16.Bd3 Be7 17.Rhe1 Kf8 18.Bxf5 Qxf5 19.Qf3 Rg8 20.Qxb7 Qc5 
21.f5 Bf6 22.fxe6 Rc7 23.Qe4 Bxc3 24.e7+ 1-0

[Event "23rd EUR-ch"]
[Site "Vrnjacka Banja SRB"]
[Date "2023.03.03"]
[Round "1.71"]
[White "Bouska, Jiri"]
[Black "Azarov, Sergei"]
[Result "0-1"]
[WhiteElo "2257"]
[BlackElo "2559"]
[EventDate "2023.03.03"]
[PlyCount "86"]

1.e4 c5 2.Nf3 Nc6 3.d4 cxd4 4.Nxd4 Nf6 5.Nc3 e5 6.Nb3 Be7 7.Be3 O-O 8.Be2 
Bb4 9.Bf3 Bxc3+ 10.bxc3 d6 11.O-O Be6 12.Bg5 h6 13.Bxf6 Qxf6 14.Qxd6 Rfd8 
15.Qc5 Rac8 16.Qe3 Qg5 17.Qxg5 hxg5 18.Rfd1 Rxd1+ 19.Rxd1 Nb8 20.Be2 Nd7 
21.c4 Nb6 22.Na5 Na4 23.Nxb7 Nc3 24.Re1 Nxe2+ 25.Rxe2 Rb8 26.h4 Rxb7 27.
hxg5 Bxc4 28.Re3 Bxa2 29.Ra3 Bc4 30.Ra5 Bb5 31.g3 Kf8 32.f4 a6 33.fxe5 Rc7
34.Kf2 Rc3 35.Ra1 Ke7 36.Rd1 Rxc2+ 37.Ke3 Rc3+ 38.Kf4 Be2 39.Re1 Rf3+ 40.
Kg4 Rf2+ 41.Kh3 Bb5 42.Rc1 Bd7+ 43.g4 Rf4 0-1

[Event "23rd EUR-ch"]
[Site "Vrnjacka Banja SRB"]
[Date "2023.03.03"]
[Round "1.72"]
[White "Gumularz, Szymon"]
[Black "Djuric, Stefan"]
[Result "1-0"]
[WhiteElo "2558"]
[BlackElo "2256"]
[EventDate "2023.03.03"]
[PlyCount "45"]

1.c4 g6 2.Nf3 Bg7 3.d4 Nf6 4.g3 c5 5.Bg2 Qa5+ 6.Nc3 Ne4 7.Qd3 Nxc3 8.Bd2 
O-O 9.Bxc3 Qc7 10.d5 d6 11.Bxg7 Kxg7 12.Qc3+ Kg8 13.h4 h5 14.Ng5 Nd7 15.g4
hxg4 16.h5 Nf6 17.hxg6 fxg6 18.Be4 e5 19.dxe6 d5 20.Bxd5 Qe7 21.Rh6 Qg7 
22.e7+ Nxd5 23.Rh8+ 1-0

[Event "23rd EUR-ch"]
[Site "Vrnjacka Banja SRB"]
[Date "2023.03.03"]
[Round "1.73"]
[White "Sredojevic, Ivan"]
[Black "Makarian, Rudik"]
[Result "1/2-1/2"]
[WhiteElo "2255"]
[BlackElo "2557"]
[EventDate "2023.03.03"]
[PlyCount "76"]

1.e4 c5 2.Nf3 e6 3.c3 d5 4.exd5 Qxd5 5.Na3 Nf6 6.Be2 Be7 7.O-O O-O 8.d4 
Nbd7 9.Nc4 cxd4 10.Qxd4 Bc5 11.Qh4 Qe4 12.Qxe4 Nxe4 13.Be3 b5 14.Bxc5 
Ndxc5 15.Ncd2 Nxd2 16.Nxd2 Rb8 17.Rac1 e5 18.Rfe1 Rd8 19.Nb3 Nxb3 20.axb3 
Be6 21.Bf1 Bxb3 22.Ra1 f6 23.Rxa7 Rd2 24.f4 Rxb2 25.fxe5 fxe5 26.Re7 Rc2 
27.R7xe5 Bc4 28.R5e3 Rd8 29.Be2 g6 30.Bf3 Rd7 31.h4 Kf7 32.Kh2 Kf6 33.Kg3 
Rc7 34.Rd1 Kg7 35.Rd6 Bf1 36.Rd1 Bc4 37.Rd6 Kf7 38.h5 Bb3 1/2-1/2

[Event "23rd EUR-ch"]
[Site "Vrnjacka Banja SRB"]
[Date "2023.03.03"]
[Round "1.74"]
[White "Bosiocic, Marin"]
[Black "Selbes, Tarik"]
[Result "1-0"]
[WhiteElo "2555"]
[BlackElo "2255"]
[EventDate "2023.03.03"]
[PlyCount "109"]

1.Nf3 Nf6 2.c4 g6 3.b3 Bg7 4.Bb2 d6 5.g3 O-O 6.Bg2 e5 7.O-O Re8 8.d3 a5 9.
a3 Nbd7 10.Qc2 c6 11.Nc3 Nf8 12.h3 Ne6 13.e3 h6 14.Kh2 Nc5 15.Rfd1 Qe7 16.
b4 axb4 17.axb4 Rxa1 18.Bxa1 Na6 19.Qb1 Be6 20.Nd2 d5 21.b5 Nc5 22.cxd5 
cxd5 23.Ne2 Nfd7 24.d4 Bf5 25.Qa2 exd4 26.Bxd4 Bxd4 27.Nxd4 Be4 28.Qa3 Qf6
29.Kg1 h5 30.Bf1 h4 31.g4 Ne6 32.Nxe4 dxe4 33.Nxe6 Qxe6 34.Qb4 Rc8 35.Rd6 
Qe8 36.Qd4 Nf8 37.Bc4 Qe7 38.Bd5 Kh7 39.Qf6 Rc7 40.Qxe7 Rxe7 41.Rb6 Ne6 
42.Rxb7 Rxb7 43.Bxb7 Nc5 44.Bc6 f5 45.g5 Kg7 46.b6 Kf7 47.b7 Na6 48.Bd5+ 
Ke7 49.Kf1 Nb8 50.Ke2 Nd7 51.Bc6 Nb8 52.Bb5 Kd8 53.Kd2 Kc7 54.Be8 Kxb7 55.
Bxg6 1-0

[Event "23rd EUR-ch"]
[Site "Vrnjacka Banja SRB"]
[Date "2023.03.03"]
[Round "1.75"]
[White "Toktomushev, Teimur"]
[Black "Murzin, Volodar"]
[Result "0-1"]
[WhiteElo "2255"]
[BlackElo "2554"]
[EventDate "2023.03.03"]
[PlyCount "186"]

1.d4 Nf6 2.c4 g6 3.Nc3 Bg7 4.e4 O-O 5.f3 d6 6.Nge2 Nbd7 7.Be3 a6 8.Qd2 b5 
9.cxb5 axb5 10.Nxb5 c6 11.Nbc3 e5 12.Ng3 d5 13.Be2 h5 14.dxe5 Nxe5 15.Bd4 
Re8 16.f4 Bh6 17.Qc2 Neg4 18.e5 Bxf4 19.exf6 h4 20.O-O Be3+ 21.Bxe3 Nxe3 
22.Qd2 hxg3 23.Rf3 d4 24.Nd1 gxh2+ 25.Kh1 Bg4 26.Rg3 Bxe2 27.Nxe3 Rxe3 28.
Rxe3 dxe3 29.Qxe2 Qxf6 30.Qxe3 Qxb2 31.Rc1 Rxa2 32.Qe8+ Kg7 33.Qxc6 Ra5 
34.Rf1 Rg5 35.Qe4 Qb6 36.Qe1 Qd4 37.Qc1 Rc5 38.Qb1 Rh5 39.Rd1 Qf6 40.Rf1 
Qe5 41.Re1 Qc3 42.Rc1 Qa3 43.Rf1 Qa7 44.Qb2+ Kh7 45.Qc1 Rf5 46.Rd1 Qf2 47.
Rd3 Rh5 48.Rf3 Qa7 49.Rf1 Rf5 50.Rd1 Qa6 51.Qe3 Qf6 52.Qh3+ Kg7 53.Qd3 Qe5
54.Qb1 Kh7 55.Re1 Qg3 56.Rd1 Rf2 57.Qe4 Kh6 58.Qa8 Kg7 59.Qe4 Kh6 60.Qa8 
Kh7 61.Qd5 Qf4 62.Qb7 Qe5 63.Qc6 Kg7 64.Qb7 g5 65.Rc1 g4 66.Qb4 Rf4 67.Qb7
Qe2 68.Qd5 Rf1+ 69.Rxf1 Qxf1+ 70.Kxh2 Qf4+ 71.Kg1 g3 72.Qc5 Kg6 73.Qc6+ 
Kg5 74.Qd5+ Kf6 75.Qc6+ Kf5 76.Qd5+ Kf6 77.Qc6+ Ke7 78.Qc5+ Qd6 79.Qe3+ 
Kf8 80.Kf1 Qd1+ 81.Qe1 Qd3+ 82.Qe2 Qb1+ 83.Qe1 Qf5+ 84.Kg1 Qf4 85.Qd1 Qe3+
86.Kh1 Qh6+ 87.Kg1 Qh2+ 88.Kf1 Qh1+ 89.Ke2 Qxg2+ 90.Ke3 Qf2+ 91.Ke4 Qf6 
92.Qg1 g2 93.Qh2 Qg6+ 0-1

[Event "23rd EUR-ch"]
[Site "Vrnjacka Banja SRB"]
[Date "2023.03.03"]
[Round "1.76"]
[White "Parligras, Mircea-Emilian"]
[Black "Khandelwal, Ankush"]
[Result "1-0"]
[WhiteElo "2554"]
[BlackElo "2255"]
[EventDate "2023.03.03"]
[PlyCount "75"]

1.d4 Nf6 2.c4 g6 3.Nc3 Bg7 4.e4 d6 5.h3 Nbd7 6.Bd3 e5 7.d5 Nc5 8.Bc2 Nh5 
9.b4 Nd7 10.a3 a5 11.Rb1 O-O 12.Nge2 Nf4 13.O-O b6 14.Nb5 Nxe2+ 15.Qxe2 
axb4 16.axb4 Nf6 17.Bg5 h6 18.Bxf6 Bxf6 19.Ra1 Ba6 20.Nc3 Bg5 21.Ba4 Bc8 
22.Bc6 Rxa1 23.Rxa1 Bf4 24.Ra7 Qg5 25.Qd3 f5 26.Rxc7 Bc1 27.Bd7 Bxd7 28.
Rxd7 Ba3 29.exf5 Bxb4 30.fxg6 Qc1+ 31.Nd1 Rf4 32.g7 Bc5 33.Rd8+ Kxg7 34.
Qg3+ Kf7 35.Qg8+ Ke7 36.Re8+ Kd7 37.Qe6+ Kc7 38.Qc8# 1-0

[Event "23rd EUR-ch"]
[Site "Vrnjacka Banja SRB"]
[Date "2023.03.03"]
[Round "1.77"]
[White "Petrovic, Aleksa"]
[Black "Kozak, Adam"]
[Result "0-1"]
[WhiteElo "2254"]
[BlackElo "2552"]
[EventDate "2023.03.03"]
[PlyCount "184"]

1.d4 Nf6 2.c4 e6 3.Nf3 d5 4.e3 a6 5.Nc3 Nbd7 6.b3 b6 7.Bb2 Bd6 8.cxd5 exd5
9.g3 Bb7 10.Bg2 Qe7 11.O-O O-O 12.Qc2 Ne4 13.Ne2 g5 14.Nc1 g4 15.Nh4 f5 
16.Ne2 Rae8 17.Kh1 Qg5 18.a4 a5 19.Nf4 Rf7 20.Kg1 Ndf6 21.Ba3 Bxa3 22.Rxa3
Nh5 23.Nxh5 Qxh5 24.Rb1 Qh6 25.b4 axb4 26.Rxb4 Qd6 27.Qb2 Ba6 28.a5 b5 29.
Bxe4 fxe4 30.Ng2 Re6 31.Nf4 Rh6 32.Qc3 c6 33.Ra2 Qf8 34.Rc2 Qd8 35.Rb1 
Rff6 36.Ra1 Qe7 37.Qb3 Qf7 38.Rac1 Qf8 39.Rc5 Qf7 40.R5c2 Qd7 41.Rc5 Qf7 
42.Qa3 Qf8 43.R1c2 Qf7 44.Qc1 Qd7 45.Qd1 Kh8 46.Kg2 Kg8 47.Rc1 Kh8 48.Qe2 
Kg8 49.Rh1 Kf8 50.Qd2 Kg8 51.Qb4 Qe8 52.Kf1 Qf8 53.Ke1 Qe7 54.Kd2 Qf8 55.
Kc3 Qd8 56.Qa3 Qd7 57.Kb4 Kh8 58.Qc1 Kg8 59.Qf1 Bc8 60.a6 Bxa6 61.Qa1 Bb7 
62.Qc3 Rf8 63.Ra1 Rxh2 64.Qe1 Bc8 65.Qg1 Rh6 66.Ra8 Qd6 67.Ra7 Rf7 68.Qa1 
Rxa7 69.Qxa7 Bd7 70.Qa8+ Kf7 71.Qd8 Qe7 72.Qc7 Rh2 73.Ka5 Rxf2 74.Rc1 Be8 
75.Qxe7+ Kxe7 76.Rh1 h5 77.Nxh5 Rf3 78.Nf4 Rxe3 79.Rh7+ Kf6 80.Rh8 Kf7 81.
Rh7+ Kg8 82.Re7 Bf7 83.Rc7 Rxg3 84.Rxc6 Rf3 85.Ne2 Kg7 86.Rc1 Rf2 87.Nc3 
Kf6 88.Kxb5 g3 89.Rg1 g2 90.Kb4 Ke6 91.Kb3 Bh5 92.Nb5 Bf3 0-1

[Event "23rd EUR-ch"]
[Site "Vrnjacka Banja SRB"]
[Date "2023.03.03"]
[Round "1.78"]
[White "Suleymanli, Aydin"]
[Black "Garsky, Vladyslav"]
[Result "1-0"]
[WhiteElo "2552"]
[BlackElo "2253"]
[EventDate "2023.03.03"]
[PlyCount "95"]

1.c4 e5 2.Nc3 c5 3.g3 Nc6 4.Bg2 g6 5.Nf3 Bg7 6.O-O Nge7 7.Ne1 d6 8.Nc2 O-O
9.Ne3 a6 10.b3 Rb8 11.Bb2 b5 12.d3 Be6 13.Ned5 Qd7 14.Qd2 Bh3 15.Ne4 Nxd5 
16.cxd5 Ne7 17.Bxh3 Qxh3 18.Nxd6 Qd7 19.Ne4 Qxd5 20.Rac1 Rfc8 21.Ba3 b4 
22.Bb2 f5 23.Ng5 h6 24.Nf3 Nc6 25.Rc4 Nd4 26.Nh4 Rc6 27.e3 Ne6 28.Qe2 Kh7 
29.e4 fxe4 30.dxe4 Qd7 31.Qg4 Nf8 32.Qe2 Ne6 33.Qg4 Nf8 34.Qe2 Ne6 35.Nf3 
Nd4 36.Bxd4 cxd4 37.Nd2 a5 38.Qd3 Rbc8 39.Rfc1 h5 40.Rxc6 Rxc6 41.Rxc6 
Qxc6 42.Qc4 Qd7 43.Qd5 Qg4 44.Kg2 Qe2 45.Nf3 Kh6 46.h4 d3 47.Ng5 Bf6 48.
Qg8 1-0

[Event "23rd EUR-ch"]
[Site "Vrnjacka Banja SRB"]
[Date "2023.03.03"]
[Round "1.79"]
[White "Gallana, Marco"]
[Black "Sychev, Klementy"]
[Result "1/2-1/2"]
[WhiteElo "2250"]
[BlackElo "2549"]
[EventDate "2023.03.03"]
[PlyCount "81"]

1.c4 f5 2.g3 Nf6 3.Bg2 e6 4.Nf3 Be7 5.O-O d5 6.d3 O-O 7.Nc3 Nc6 8.cxd5 
exd5 9.Bf4 a6 10.Rc1 Kh8 11.d4 Be6 12.Na4 Ne4 13.h4 h6 14.Ne5 Nxe5 15.Bxe5
Bd6 16.Nc5 Nxc5 17.Bxd6 Qxd6 18.dxc5 Qe5 19.e3 Rad8 20.Qd4 Qxd4 21.exd4 f4
22.Rfe1 Rf6 23.Re5 c6 24.Rce1 Bd7 25.Re7 Kg8 26.b4 Kf8 27.R1e5 fxg3 28.
fxg3 Rf7 29.Rxf7+ Kxf7 30.Bf3 Kf6 31.Kf2 g5 32.a4 Rb8 33.a5 Rg8 34.Be2 
gxh4 35.gxh4 Bf5 36.Bh5 Bg4 37.Re8 Rg7 38.Rf8+ Ke7 39.Re8+ Kf6 40.Rf8+ Ke7
41.Re8+ 1/2-1/2

[Event "23rd EUR-ch"]
[Site "Vrnjacka Banja SRB"]
[Date "2023.03.03"]
[Round "1.80"]
[White "Kobo, Ori"]
[Black "Todorovic, Bojan"]
[Result "1-0"]
[WhiteElo "2548"]
[BlackElo "2249"]
[EventDate "2023.03.03"]
[PlyCount "80"]

1.e4 d6 2.d4 g6 3.Nc3 Bg7 4.Nf3 Nf6 5.Be3 O-O 6.Qd2 Bg4 7.Ng5 Nc6 8.d5 Nb4
9.h3 Bd7 10.Nf3 c6 11.a3 a5 12.Be2 Na6 13.O-O cxd5 14.exd5 Rc8 15.Bxa6 
bxa6 16.Bh6 Qb6 17.Bxg7 Kxg7 18.Rab1 Rc4 19.Rfe1 Rfc8 20.Qe3 Qxe3 21.Rxe3 
Rb8 22.Nd2 Rcc8 23.g4 Kf8 24.Rd3 Rc7 25.Rd4 Rcb7 26.Nc4 Rc7 27.Re1 a4 28.
Rf4 g5 29.Rd4 Rc5 30.Red1 Rbc8 31.Nb6 Rb8 32.Rb4 Be8 33.Nbxa4 Rxb4 34.axb4
Rc4 35.b3 Rxb4 36.Nb2 Bb5 37.Na2 Re4 38.c4 Re2 39.Rb1 Bd7 40.Nb4 a5 1-0

[Event "23rd EUR-ch"]
[Site "Vrnjacka Banja SRB"]
[Date "2023.03.03"]
[Round "1.81"]
[White "Zadravec, Matija"]
[Black "Pultinevicius, Paulius"]
[Result "0-1"]
[WhiteElo "2248"]
[BlackElo "2546"]
[EventDate "2023.03.03"]
[PlyCount "80"]

1.e4 c5 2.Nc3 e6 3.Nge2 d5 4.exd5 exd5 5.d4 Nf6 6.g3 Bg4 7.Bg2 Nc6 8.Be3 
cxd4 9.Bxd4 Bb4 10.O-O O-O 11.Bxf6 Qxf6 12.Nxd5 Qxb2 13.Rb1 Qa3 14.Nxb4 
Nxb4 15.Rb3 Qa5 16.Qe1 Nc6 17.Nf4 Qa6 18.Nd3 Nd4 19.Nb4 Qd6 20.Rd3 Be2 21.
Rxd4 Qxd4 22.Qxe2 Qxb4 23.Bd5 Rae8 24.Qf3 b5 25.Kg2 Rc8 26.Bb3 a5 27.a3 
Qc3 28.Qxc3 Rxc3 29.a4 bxa4 30.Bxa4 Rfc8 31.Ra1 g5 32.Bb3 R3c5 33.Ra4 h5 
34.h4 g4 35.Rf4 R8c7 36.Rd4 Kg7 37.Kf1 Rf5 38.Ba4 Rc3 39.Re4 Rcf3 40.Re2 
Rxg3 0-1